| 000 | 00698nam a2200217 i 4500 | ||
|---|---|---|---|
| 001 | bg | ||
| 245 | 0 |
_aUkraińcy w Polsce 1989-1993 : _bkalendarium, dokumenty, informacje / _c[oprac. i red. Mirosław Czech. |
|
| 260 |
_aWarszawa : _bZwiązek Ukraińców w Polsce, _c1993. |
||
| 300 |
_a318 s. ; _c24 cm. |
||
| 650 | 9 |
_aMniejszości narodowe _zPolska _y1989-1993 r. |
|
| 650 | 9 |
_aUkraina _xludność _zPolska _y1989-1993 r. |
|
| 700 | 1 |
_aCZECH, Mirosław. _eoprac. *rd |
|
| 020 | _a8390085437 | ||
| 040 | _cBPK | ||
| 041 | _apol | ||
| 080 | _a323.15(438)"1989/..." | ||
| 080 | _a323.15(438=83)"1989/1993 | ||
| 920 | _a83-900854-3-7 | ||
| 942 | _cKS | ||
| 008 | s pl f |000 0 pol | ||
| 999 |
_c29839 _d29839 |
||
| 856 |
_uhttp://koha.tu.koszalin.pl/cgi-bin/koha/opac-detail.pl?biblionumber=29839 _yKatalog online BPK |
||